Pays ayant la plus haute densité de population - Mort subite - Statistiques

Statistiques générales
  • Ce quiz a été pris 50 fois
  • Le résultat moyen est 8 sur 15
Answers on the Grid
Answers color-coded by a green-red scale on the quiz's grid according to % correct below.
Monaco
Singapour
Bahreïn
Vatican
Maldives
Malte
Bangladesh
Palestine
Barbade
Taïwan
Maurice
Liban
Nauru
Saint-Marin
Corée du Sud
Belgique
Royaume-Uni
Pakistan
Suisse
Italie
Danemark
France
Hongrie
Cambodge
Maroc
Ukraine
Mexique
Iran
Colombie
États-Unis
 
Statistiques - réponses
Réponse % Correct
Monaco
77%
Singapour
68%
Bangladesh
66%
Taïwan
66%
Vatican
57%
Malte
52%
Saint-Marin
50%
Maldives
43%
Palestine
43%
Bahreïn
41%
Corée du Sud
41%
Maurice
41%
Barbade
36%
Nauru
36%
Liban
34%
Aucun quiz correspondant
Distribution des résultats
% des personnes avec chaque résultat
Percentile par nombre de réponses
Votre historique - résultats
Vous n’avez pas pris ce quiz